5HLuxD.jpg

KING HENRY VIII SENIOR AND PRIMARY SCHOOL LIBRARY OPAC

Farm animals. (Record no. 1386)

000 -LEADER
fixed length control field 00871nam a2200325 a 4500
001 - CONTROL NUMBER
control field 017146230
003 - CONTROL NUMBER IDENTIFIER
control field UkOxU
005 - DATE AND TIME OF LATEST TRANSACTION
control field 20221229091928.0
008 - FIXED-LENGTH DATA ELEMENTS--GENERAL INFORMATION
fixed length control field 070118s2007 enka j 000 0 eng
015 ## - NATIONAL BIBLIOGRAPHY NUMBER
National bibliography number GBA707148
Source bnb
020 ## - INTERNATIONAL STANDARD BOOK NUMBER
International Standard Book Number 9780746074763 (hbk.) :
035 ## - SYSTEM CONTROL NUMBER
System control number (IeDuTC)b14621117
035 ## - SYSTEM CONTROL NUMBER
System control number (UkLCURL)08b14621117
038 ## - RECORD CONTENT LICENSOR
Record content licensor Uk
040 ## - CATALOGING SOURCE
Original cataloging agency StDuBDS
Language of cataloging eng
Transcribing agency StDuBDS
Modifying agency KH8
049 ## - LOCAL HOLDINGS (OCLC)
Local processing data b
082 04 - DEWEY DECIMAL CLASSIFICATION NUMBER
Classification number 636 DAY
Edition number 22
090 ## - LOCALLY ASSIGNED LC-TYPE CALL NUMBER (OCLC); LOCAL CALL NUMBER (RLIN)
Classification number (OCLC) (R) ; Classification number, CALL (RLIN) (NR) TCD
Local cutter number (OCLC) ; Book number/undivided call number, CALL (RLIN) HB-77-131
100 ## - MAIN ENTRY--PERSONAL NAME
Personal name Daynes, Katie
Relator term Author
245 00 - TITLE STATEMENT
Title Farm animals.
Statement of responsibility, etc. Katie Daynes
260 ## - PUBLICATION, DISTRIBUTION, ETC.
Place of publication, distribution, etc. London :
Name of publisher, distributor, etc. Usborne,
Date of publication, distribution, etc. 2007.
263 ## - PROJECTED PUBLICATION DATE
Projected publication date 200701
300 ## - PHYSICAL DESCRIPTION
Extent 1 v. :
Other physical details col. ill. ;
Dimensions 21 cm.
490 1# - SERIES STATEMENT
Series statement Beginners
650 #0 - SUBJECT ADDED ENTRY--TOPICAL TERM
Topical term or geographic name entry element Domestic animals
Form subdivision Juvenile literature.
650 #0 - SUBJECT ADDED ENTRY--TOPICAL TERM
Topical term or geographic name entry element Livestock
Form subdivision Juvenile literature.
700 ## - ADDED ENTRY--PERSONAL NAME
Personal name Fox, Christyan
Relator term illustrator
830 #0 - SERIES ADDED ENTRY--UNIFORM TITLE
Uniform title Beginners
942 ## - ADDED ENTRY ELEMENTS (KOHA)
Source of classification or shelving scheme
Koha item type Books - Non Ficton
Holdings
Withdrawn status Lost status Source of classification or shelving scheme Damaged status Not for loan Collection code Permanent Location Current Location Shelving location Date acquired Total Checkouts Total Renewals Full call number Barcode Date last seen Date last checked out Price effective from Koha item type
          Non-Fiction KH8 Primary School Library KH8 Primary School Library Non Fiction 2022-12-29 17 1 636 DAY KHPL000003163 2025-12-05 2025-05-20 2022-12-29 Books - Non Ficton

Powered By KH8 IT Dept